00253nam a22000977a 4500020001800000082001200018100002400030245005800054260003400112300000900146 a9788131506622 a070.175 aSusan Tyler Eastman aElectronic media programming strategies and practices aAustraliabWardsworth c2006. a441p